Central Library OPAC University of Rajshahi

Essential of biotechnolgy for students / (Record no. 36596)

MARC details
000 -LEADER
fixed length control field 00664nam a22002417a 4500
001 - CONTROL NUMBER
control field 36596
003 - CONTROL NUMBER IDENTIFIER
rucl marc code BD-RjUL
005 - DATE AND TIME OF LATEST TRANSACTION
control field 20211209052516.0
008 - FIXED-LENGTH DATA ELEMENTS--GENERAL INFORMATION
fixed length control field 140710s2005 ii a|||| i||| 001 0 eng d
020 ## - INTERNATIONAL STANDARD BOOK NUMBER
International Standard Book Number 8188867187
035 ## - SYSTEM CONTROL NUMBER
System control number (BD-RjUL)36697
040 ## - CATALOGING SOURCE
Original cataloging agency BD-RjUL
Language of cataloging eng
Transcribing agency BD-RjUL
041 ## - LANGUAGE CODE
Language code of text/sound track or separate title eng
082 ## - DEWEY DECIMAL CLASSIFICATION NUMBER
Classification number 660.6
Author mark and year ESS 2005
245 ## - TITLE STATEMENT
Title Essential of biotechnolgy for students /
Statement of responsibility, etc. edited by Satya N Das
250 ## - EDITION STATEMENT
Edition statement 1st ed.
260 ## - PUBLICATION, DISTRIBUTION, ETC. (IMPRINT)
Place of publication, distribution, etc. New Delhi :
Name of publisher, distributor, etc. Peepee pub.
Date of publication, distribution, etc. c2004 [Reprint 2005]
300 ## - PHYSICAL DESCRIPTION
Pagination [xiv],464 p.:
Illustrations ill
Size 24cm.
500 ## - GENERAL NOTE
General note Includes Index
650 ## - SUBJECT ADDED ENTRY--TOPICAL TERM
Topical term or geographic name as entry element Biotechnology.
9 (RLIN) 111519
700 ## - ADDED ENTRY--PERSONAL NAME
Personal name Das, Satya N
942 ## - ADDED ENTRY ELEMENTS (KOHA)
Source of classification or shelving scheme Dewey Decimal Classification
Koha item type Books
Holdings
Lost status Source of classification or shelving scheme Damaged status Not for loan Collection code Permanent Location Current Location Shelving location Date acquired Source of acquisition Cost, normal purchase price Total Checkouts Full call number Date last seen Copy number Koha item type
  Dewey Decimal Classification   Not For Loan Non-fiction Central Library, University of Rajshahi Central Library, University of Rajshahi   17/02/2013 Dhaka: Trim Education 665.00   660 ESS 2005 10/07/2014 C-1 Books